| 000 | 00531cam a22001577a 4500 | ||
|---|---|---|---|
| 008 | 180718b2017 xxu||||| |||| 00| 0 eng d | ||
| 020 | _a9789382823636 | ||
| 082 | _aI21x54 M295s | ||
| 100 | _aMalik, Lokendra | ||
| 245 |
_aSelected reflections on the Indian presidency : essays in honour of president Shri Pranab Mukherjee _cby Lokendra Malik |
||
| 260 |
_aNew Delhi _bSatyam _c2017 |
||
| 300 | _a186p. | ||
| 650 | _aExecutive power -- India | ||
| 650 | _aConstitutional law -- India | ||
| 650 | _aPresidents -- India -- Biography | ||
| 999 |
_c503366 _d503366 |
||